000 00456nam a22001697a 4500
005 20230619142937.0
008 230607b |||||||| |||| 00| 0 eng d
020 _a9780500203798
082 _a759.95491
_bHUD-D
100 _aHudson&Thames
245 _aDesign Since 1900 /
_bThe Thames & Hudson Dictionary
260 _aIndia
_c2004
_bThames & Hudson World of Art
300 _a224
650 _aEngineering
700 _aThames & Hudson
999 _c18657
_d18657